000 01026nam a2200313 a 4500
001 vtls000184004
003 NLI
005 20210602111203.0
008 101125s2005 miu m 001 0 eng
020 _cUSD 85.10
039 9 _y201011252215
_zVLOAD
040 _aNLI
_beng
_cDatasoft 1
_eAACR2
041 0 _aeng
044 _amiu
082 0 4 _a323.490954
100 1 _aKasibhatla, Jaya Nandita
_9358631
245 1 0 _aConstituting the exsception :
_blaw, literature and the state of emergency in postcolonial India /
_cJaya Nandita Kasibhatla
260 _aAnn Arbor, Mich. :
_bUniversity Microfilms International,
_c2005
300 _aviii, 206 p. ;
_c23 cm.
500 _aDissertation (Ph.D) - Duke University
504 _aIncludes bibliographical references and index
650 0 _aHuman rights
_94237
650 0 _aCivil rights
_96042
887 _a
901 _a556656
_b09.07.2007
902 _aE 323.490954 K 151
942 _2ddc
_cBKS
949 _AVIRTUAITEM
_D10000
_X100
_6PUR000556656ENG
999 _aVIRTUA40
_c190384
_d190384